000 00557nam a22002177a 4500
003 LK-CoMWRAF
005 20240309114242.0
008 240309b2006 |||||||| |||| 00| 0 eng d
020 _a9960984648
040 _aLK-CoMWRAF
_dLK-CoMWRAF
_eLK-CoMWRAF
041 _aeng
082 _a297.7
_bALM
100 _a Al Ma' sumi, Bashir Muhammad
245 _aIslamic education series
260 _aMakkah:
_bAl-Mukarramah,
_c2006
300 _a136 p.
490 _aBook
_v5
650 _aISLAM-General principles
650 _aIslamic education
942 _cBK
999 _c4844
_d4844